00931nam a22002177a 4500003000900000008004100009020001800050040007100068082003200139100001700171245008800188260008400276300005200360440003600412505017500448650001800623650002700641650002500668650001000693650001000703AR-CdUCM190409b ||||| |||| 00| 0 spa d a9786124121197 aMUNICIPALIDAD PROVINCIAL DEL CUSCOcBIBLIOTECA MUNICIPAL DEL CUSCO a985.019/B344bB3442segunda aBauer, Brian aEl espacio sagrado de los incas :bEl sistema de ceques del Cuzco /cBrian S. Bauer aCusco :bCentro de Estudios Regionales Andinos Bartolomé de las Casas,c2016. a255 páginas ;bIlustraciones, mapas ;c29 cm. aArchivos de Historia Andinan33 aContenido: El manuscrito original del sistema de ceques -- Huacas -- La organización social del Cuzco y su sistema de ceques -- Las huacas y ceques del Chinchaysuyu ... aArqueología aÉpoca Prehispánica aCosmovisión andina aIncas aInkas